00749nam a2200193Ia 4500003000900000008004100009040001600050080001700066245015500083260004700238300001500285650002200300650004100322650002800363700003700391942000700428999001500435952010500450IN-BaIIA211028s9999 xx 000 0 eng d cIIA Library a52(091)bTHE 4aThe Aryabhatiya of Aryabhataban ancient Indian work on mathematics and astronomyctranslated by Walter Eugene Clark  aChicagobUniversity of Chicago Pressc1950 axxix, 90p. aAryabhatiya99399 aAstronomy and astrophysics thesaurus aHistory-astronomy91125 aClark, Walter Eugene., tr.99400 cBK c5405d5405 00104070aBANbBANcGENd1977-01-22l1o52(091)/ THEp6042r2025-02-27s2025-02-27w1977-01-22yBK